Mis-Matched NFL Team Names Quiz Stats

 Plays Quiz Updated Nov 28, 2018

Score 0/16 Timer 02:00
11 Plays Today
% Correct
Baltimore 49ers
97.1%
Dallas Patriots
97%
Cincinnati Packers
96.9%
Buffalo Vikings
96.7%
Denver Bears
96.6%
Cleveland Eagles
96.3%
Houston Giants
96.2%
New York Seahawks
95.9%
% Correct
Miami Saints
95.8%
Pittsburgh Falcons
95.4%
Jacksonville Rams
95%
Indianapolis Lions
95%
Kansas City Redskins
94.6%
Oakland Cardinals
94.2%
Los Angeles Buccaneers
93.7%
Tennessee Panthers
91.9%

You're not logged in!

Compare scores with friends on all Sporcle quizzes.
OR
Log In

Show Comments

Extras

Top Quizzes Today


Score Distribution

Your Account Isn't Verified!

In order to create a playlist on Sporcle, you need to verify the email address you used during registration. Go to your Sporcle Settings to finish the process.

Report this User

Report this user for behavior that violates our Community Guidelines.

Details: